| 000 | 00388 a2200169 4500 | ||
|---|---|---|---|
| 001 | 186647 | ||
| 020 | _a85-85466-20-0 | ||
| 040 | _cMagnum | ||
| 100 | _aPaes, Paulo José | ||
| 240 | 1 | 0 |
_aUm número depois do outro _lpor |
| 245 | 1 | 0 | _aUm número depois do outro |
| 300 | _a28 | ||
| 362 | 0 | _a1996 | |
| 440 | 1 | _aCompanhia das Letrinhas | |
| 697 | _aLITERATURA INFANTO | ||
| 942 | _cBK | ||
| 999 |
_c186647 _d186647 |
||